000 01432nam a2200349Ia 4500
001 ebr10254934
003 CaPaEBR
006 m u
007 cr cn|||||||||
008 080107s2008 enka sb 001 0 eng d
010 _z 2007052264
020 _z9780754661498 (alk. paper)
020 _z0754661490 (alk. paper)
040 _aCaPaEBR
_cCaPaEBR
035 _a(OCoLC)567983738
050 1 4 _aHB113.A2
_bB345 2008eb
245 0 0 _aEconomics in Russia
_h[electronic resource] :
_bstudies in intellectual history /
_cedited by Vincent Barnett, Joachim Zweynert.
260 _aAldershot, England ;
_aBurlington, VT :
_bAshgate,
_cc2008.
300 _axviii, 198 p. :
_bill.
490 1 _aModern economic and social history series
504 _aIncludes bibliographical references and indexes.
533 _aElectronic reproduction.
_bPalo Alto, Calif. :
_cebrary,
_d2011.
_nAvailable via World Wide Web.
_nAccess may be limited to ebrary affiliated libraries.
650 0 _aEconomics
_zRussia.
650 0 _aEconomics
_zSoviet Union.
650 0 _aEconomics
_zRussia (Federation)
655 7 _aElectronic books.
_2local
700 1 _aBarnett, Vincent,
_d1967-
700 1 _aZweynert, Joachim.
710 2 _aebrary, Inc.
830 0 _aModern economic and social history series.
856 4 0 _uhttp://site.ebrary.com/lib/rucke/Doc?id=10254934
_zAn electronic book accessible through the World Wide Web; click to view
999 _c14695
_d14695